Management pro obor podnikání a administrativa /

Hlavní autor: Zuzák, Roman, 1947-
Korporativní autor: Česká zemědělská univerzita v Praze. Katedra řízení
Jazyk: Čeština
Vydáno: V Praze : Česká zemědělská univerzita, Provozně ekonomická fakulta, 2010
Vydání: Vyd. 3.
Témata:
Fyzický popis: ii, 127 s. : il. ; 29 cm
Knihy
Uloženo v:
LEADER 01825nam a2200457 a 4500
001 nkc20102032014
003 CZ PrNK
005 20180803112100.0
007 ta
008 100203s2010 xr a e p 000 0 cze
015 |a cnb002032014 
020 |a 978-80-213-2046-8  |q (brož.) :  |c Kč 88,00 
035 |a (OCoLC)641497784 
040 |a BOA001  |b cze  |d ABA001 
072 7 |a 658  |x Řízení a správa podniku  |2 Konspekt  |9 4 
072 7 |a 37.016  |x Učební osnovy. Vyučovací předměty. Učebnice  |2 Konspekt  |9 22 
080 |a 005  |2 MRF 
080 |a 658  |2 MRF 
080 |a (075.8)  |2 MRF 
100 1 |a Zuzák, Roman,  |d 1947-  |7 mzk2003165621  |4 aut 
245 1 0 |a Management pro obor podnikání a administrativa /  |c Roman Zuzák 
250 |a Vyd. 3. 
260 |a V Praze :  |b Česká zemědělská univerzita, Provozně ekonomická fakulta,  |c 2010 
300 |a ii, 127 s. :  |b il. ;  |c 29 cm 
500 |a 300 výt. ; 1. dotisk v r. 2010, 250 výtisků 
500 |a Pod názvem: Česká zemědělská univerzita, Provozně ekonomická fakulta, katedra řízení 
504 |a Obsahuje bibliografii 
521 8 |a Určeno pro posluchače PaA 
650 0 7 |a management  |7 ph115217  |2 czenas 
650 0 7 |a podnikový management  |7 ph115763  |2 czenas 
650 0 9 |a management  |2 eczenas 
650 0 9 |a industrial management  |2 eczenas 
655 7 |a učebnice vysokých škol  |7 fd133772  |2 czenas 
655 9 |a textbooks (higher)  |2 eczenas 
710 2 |a Česká zemědělská univerzita v Praze.  |b Katedra řízení  |7 kn20020321429 
910 2 |a BOA001  |b 4-1240.206 
990 |a BK 
995 |a 01 
991 |b 201004  |c NOV 
996 6 |b 2610424981  |c 4-1240.206  |l MZK  |r Sklad / do 1 hodiny  |n 6  |p p.v.  |w 001116232  |u 000010  |a 1  |e BOA001  |j MZK50  |s P 
996 7 |b 2610474456  |c 4-1240.206  |l MZK  |r Sklad / do 1 hodiny  |n 8  |p p.v.  |w 001116232  |u 000020  |a 1  |e BOA001  |j MZK50  |s A